Discusiones sobre planificación; Informe de un seminario, Santiago, Chile, 6-14 julio 1965

保存先:
書誌詳細
団体著者: ILPES
フォーマット: テキスト
出版事項: México D.F: Siglo XXI
版:7
タグ: タグ追加
タグなし, このレコードへの初めてのタグを付けませんか!

MARC

LEADER 00000 a a2200000 04500
001 23448
003
040
090 |a 162200  
110 |a ILPES  
245 |a Discusiones sobre planificación; Informe de un seminario, Santiago, Chile, 6-14 julio 1965  
250 |a 7  
260 |a México D.F:   |b Siglo XXI  
300 |a 143 p  
999 |c 4915  |d 4915